<?xml version="1.0" encoding="UTF-8"?>
<collection xmlns="http://www.loc.gov/MARC21/slim">
 <record>
  <leader>00970cam a2200229 7i4500</leader>
  <controlfield tag="001">0000021660</controlfield>
  <controlfield tag="005">20140604090000.0</controlfield>
  <controlfield tag="008">101123s1994                        eng   </controlfield>
  <datafield tag="020" ind1="#" ind2="0">
   <subfield code="a">0136060218 (pbk.) </subfield>
  </datafield>
  <datafield tag="090" ind1="0" ind2="0">
   <subfield code="a">HC 445.8 </subfield>
   <subfield code="b">.C4 1994</subfield>
  </datafield>
  <datafield tag="100" ind1="1" ind2="#">
   <subfield code="a">Chan, Kwok B. </subfield>
  </datafield>
  <datafield tag="245" ind1="1" ind2="0">
   <subfield code="a">Stepping out : </subfield>
   <subfield code="b">the making of Chinese entrepreneurs  </subfield>
   <subfield code="c">Chan Kwok Bun, Claire Chiang See.</subfield>
  </datafield>
  <datafield tag="260" ind1="#" ind2="#">
   <subfield code="a">Singapore: </subfield>
   <subfield code="b">Centre for Advanced Studies, National University of Singapore, </subfield>
   <subfield code="c">1994.</subfield>
  </datafield>
  <datafield tag="300" ind1="#" ind2="#">
   <subfield code="a">xi, 405 p.: </subfield>
   <subfield code="b">ill., map; </subfield>
   <subfield code="c">24 cm..</subfield>
  </datafield>
  <datafield tag="504" ind1="0" ind2="0">
   <subfield code="a">Includes bibliographical references (p. 365-382) and index</subfield>
  </datafield>
  <datafield tag="590" ind1="#" ind2="#">
   <subfield code="a">Pusat Pengajian Pembangunan Sosial dan Ekonomi</subfield>
  </datafield>
  <datafield tag="650" ind1="0" ind2="0">
   <subfield code="a">Businessmen -- </subfield>
   <subfield code="x">History -- </subfield>
   <subfield code="z">Singapore </subfield>
  </datafield>
  <datafield tag="650" ind1="0" ind2="0">
   <subfield code="a">Chinese -- </subfield>
   <subfield code="z">Singapore </subfield>
  </datafield>
  <datafield tag="700" ind1="1" ind2="1">
   <subfield code="a">Chiang, Claire See Ngoh </subfield>
  </datafield>
  <datafield tag="710" ind1="2" ind2="1">
   <subfield code="a">National University of Singapore. Centre for Advanced Studies </subfield>
  </datafield>
  <datafield tag="999" ind1=" " ind2=" ">
   <subfield code="a">1100078520</subfield>
   <subfield code="b">Book</subfield>
   <subfield code="c">Open Shelf</subfield>
   <subfield code="e">KOLEKSI TERBUKA</subfield>
  </datafield>
  <datafield tag="999" ind1=" " ind2=" ">
   <subfield code="a">1100002120</subfield>
   <subfield code="b">Book</subfield>
   <subfield code="c">Open Shelf</subfield>
   <subfield code="e">KOLEKSI TERBUKA</subfield>
  </datafield>
 </record>
</collection>
